| 000 | 00739cab a22002175a 4500 | ||
|---|---|---|---|
| 001 | L160037 | ||
| 008 | 150113e2016 xxk 000 0 eng d | ||
| 035 | _a(Sirsi) u160037 | ||
| 041 | 0 | _aeng | |
| 050 | _a333.3307 | ||
| 100 | 1 | _aGould, Kirsty | |
| 245 | 0 | 0 | _aAssessing online |
| 260 |
_aLondon _bRICS _c2016 |
||
| 490 |
_aRICS Building Surveying Journal _vMarch 2016 - April 2016, 20(1) |
||
| 520 | _aA review carried out between 2012 and 2014 provides detailed research on the performance of RICS membership assessments. | ||
| 650 | 2 | 4 | _aCAREERS, EDUCATION AND TRAINING-QUALIFICATION ROUTES-ASSESSMENT OF PROFESSIONAL COMPETENCE |
| 650 | 2 | 4 | _aAPC COUNSELLORS |
| 651 | 4 | _aUnited Kingdom | |
| 690 |
_aAPC _96216 |
||
| 942 |
_n0 _2ddc |
||
| 999 |
_c85152 _d85152 |
||